[Event "4th London Classic Open"]
[Site "London ENG"]
[Date "2012.12.07"]
[Round "7"]
[White "Jeitz,O"]
[Black "Wallace,P"]
[Result "1/2-1/2"]
[WhiteElo "1987"]
[BlackElo "2193"]

1.c4 g6 2.g3 Bg7 3.Bg2 Nf6 4.Nf3 O-O 5.O-O d6 6.Nc3 Nc6 7.d3 a6 8.Rb1 Rb8
9.b4 b5 10.a3 bxc4 11.dxc4 Bf5 12.Rb3 Qd7 13.Re1 Ng4 14.e4 Be6 15.Nd5 Nce5
16.Nxe5 Nxe5 17.Qe2 c6 18.Ne3 c5 19.Bd2 Rfc8 20.f4 Nc6 21.Qd3 Bh3 22.Rbb1 Bxg2
23.Kxg2 Nd4 24.Rec1 e6 25.Bc3 f5 26.exf5 gxf5 27.Kf2 Qf7 28.Nc2 e5 29.fxe5 dxe5
30.bxc5 Nb3 31.Qd6 Qxc4 32.Ne3 Qxc5 33.Qe6+ Kh8 34.Bb4 Nd4 35.Qd7 Qxc1 36.Rxc1 Rxc1
37.Nxf5 Nxf5 38.Qxf5 Rcc8 39.Kg2 Re8 40.Bc3 Rb3 41.Qf7 Rbb8 42.h4 Rec8 43.Bb4 Rc6
44.h5 Rf6 45.Qc7 Re8 46.Qd7 Rfe6 47.Bd2 h6 48.Bc3 R8e7 49.Qd8+ Kh7 50.g4 e4
51.Bxg7 Kxg7 52.Qd4+ Kh7 53.Qe3 Rg7 54.Kg3 Rf7 55.Kh4 Rg7 56.Qf4 Rge7 57.Qe3 Re5
58.Kg3 Kg7 59.Kh3 R5e6 60.Qd4+ Kf7 61.Qe3 Rf6 62.Kh4 Rc6 63.Qf4+ Rf6 64.Qe3 Ree6
65.Qa7+ Kf8 66.Qc5+ Kf7 67.Qa7+ Re7 68.Qe3 Ke8 69.Qd4 Ree6 70.Qe3 Kd8 71.g5 hxg5+
72.Kxg5 Kc7 73.Qc3+ Kb7 74.Qb4+ Ka8 75.Qc4 Kb8 76.Qb4+ Kc7 77.Qc5+ Kd8 78.Qd5+ Ke7
79.Qc5+ Kd7 80.Qd4+  1/2-1/2

[Event "4th London Classic Open"]
[Site "London ENG"]
[Date "2012.12.09"]
[Round "9"]
[White "Roe,S"]
[Black "Spivack,S"]
[Result "1-0"]
[WhiteElo "2265"]
[BlackElo "2192"]

1.Nf3 Nf6 2.c4 g6 3.g3 Bg7 4.Bg2 O-O 5.O-O d6 6.d4 c6 7.Nc3 Qa5 8.e4 e5 9.h3 Nbd7
10.Re1 exd4 11.Nxd4 Ne5 12.Bf1 Be6 13.Nxe6 fxe6 14.Be3 Rad8 15.Be2 c5 16.Rc1 a6
17.f4 Nc6 18.Bf3 Kh8 19.a3 e5 20.Nd5 Nxd5 21.cxd5 Nd4 22.Bg2 Qb5 23.b4 cxb4
24.Bxd4 exd4 25.axb4 Qxb4 26.Rb1 Qc3 27.Rb3 Qc7 28.Qb1 b5 29.Rc1 Qa5 30.Rc6 Rc8
31.Rxd6 Qd2 32.Rc6 g5 33.Rd3 Qe2 34.Bf3 Rxc6 35.dxc6  1-0

[Event "4th London Classic Open"]
[Site "London ENG"]
[Date "2012.12.09"]
[Round "9"]
[White "Jeitz,O"]
[Black "Guthrie,D"]
[Result "0-1"]
[WhiteElo "1987"]
[BlackElo "2167"]

1.c4 g6 2.g3 Bg7 3.Bg2 Nf6 4.Nf3 O-O 5.O-O d6 6.Nc3 e5 7.d3 Re8 8.Rb1 c6
9.b4 d5 10.c5 Nbd7 11.Qc2 b6 12.Na4 b5 13.Nc3 d4 14.Ne4 Nxe4 15.dxe4 Nf8
16.Nd2 Ne6 17.Nb3 Qc7 18.Bb2 Rf8 19.Rbd1 f5 20.exf5 Ng5 21.Qc1 Rxf5 22.h4 Nf7
23.Qc2 Be6 24.Bh3 Qd7 25.e3 Rxf2 26.Rxf2 Bxh3 27.exd4 Qg4 28.Kh2 Nh6 29.dxe5 Qe6
30.Rf4 Ng4+ 31.Rxg4 Bxg4 32.Rd6 Qf7 33.Qd2 Rf8 34.Rd8 Bh6 35.Rxf8+ Qxf8 36.Qg2 Bf3
37.Qf2 Bd5 38.Qxf8+ Kxf8 39.Kg1 Bxb3 40.axb3 Bd2 41.g4 h5 42.gxh5 gxh5 43.Kf2 Ke7
44.Kf3 Ke6 45.Ke4 Bxb4 46.Kf4 Bd2+ 47.Ke4 Be1 48.Bc1 Bxh4 49.Bd2 Bg3  0-1

[Event "5th Kolkata Open"]
[Site "Kolkata IND"]
[Date "2012.12.11"]
[Round "9.25"]
[White "Suvrajit,S"]
[Black "Akshayraj,K"]
[Result "1/2-1/2"]
[WhiteElo "2338"]
[BlackElo "2459"]

1.Nf3 Nf6 2.c4 g6 3.g3 Bg7 4.Bg2 O-O 5.O-O d5 6.cxd5 Nxd5 7.Nc3 Nc6 8.d4 Nb6
9.d5 Na5 10.e4 c6 11.Nd4 e6 12.Nde2 exd5 13.exd5 Bg4 14.f3 Bd7 15.d6 Re8
16.Ne4 Nd5 17.Kh1 Nc4 18.Qb3 Nxd6 19.Nxd6 Rxe2 20.Ne4 Qc8 21.g4 f5 22.Ng3 Re7
23.Bg5 Rf7 24.gxf5 Bxf5 25.Rae1 Bh3 26.Bc1 Bxg2+ 27.Kxg2 Qd7 28.Ne4 b6 29.Re2 h6
30.Kh1 Raf8 31.Rg2 g5 32.Ng3 Kh8 33.Nh5 Be5 34.Qd3 Qf5 35.Qe2 Kh7 36.Ng3 Bxg3
37.hxg3 Re7 38.Qc4 Re6 39.Kh2 Rfe8 40.Bd2 Qg6 41.b3 Ne3 42.Bxe3 Rxe3 43.Rd2 R8e7
44.Kg2 c5 45.Rff2 Re1 46.Rd8 Rg7 47.Re2 Rxe2+ 48.Qxe2 Rf7 49.Qe8 Qc2+ 50.Kg1 Qb1+
51.Kg2 Qc2+ 52.Kg1 Qb1+ 53.Kg2 Qc2+  1/2-1/2

[Event "4th Penang Heritage City Open"]
[Site "Penang MAS"]
[Date "2012.12.13"]
[Round "6.35"]
[White "Limono,Handjojo"]
[Black "Lim,Ming Xian"]
[Result "1-0"]
[WhiteElo "1906"]
[BlackElo "1662"]

1.c4 Nf6 2.g3 g6 3.Bg2 Bg7 4.Nf3 O-O 5.O-O d6 6.d4 c6 7.Nc3 Qa5 8.a3 Qh5
9.Qd2 Bh3 10.Qg5 Qxg5 11.Bxg5 Bxg2 12.Kxg2 h6 13.Bd2 Nbd7 14.Rfe1 Rfe8 15.e4 e5
16.d5 cxd5 17.cxd5 Nc5 18.Rab1 Nb3 19.Nb5 Nxd2 20.Nxd2 Red8 21.Nc4 Ne8 22.Na5 a6
23.Nc3 Rab8 24.b4 Rdc8 25.Rec1 b5 26.Ne2 Kf8 27.Nc6 Rb7 28.f3 h5 29.Na5 Rxc1
30.Rxc1 Rc7 31.Nc6 Bh6 32.Rf1 Nf6 33.Nc1 Bxc1 34.Rxc1 Ng8 35.g4 Ne7 36.gxh5 gxh5
37.Kg3 Kg7 38.Rc2 Rc8 39.f4 f6 40.f5 Kh6 41.Kf3 Rc7 42.h4 Kg7 43.Ke2 Kf8
44.Nd4 Rxc2+ 45.Nxc2 Nc8 46.Kd3 Nb6 47.Ne3 Kf7 48.Kc3 Kg7 49.Nf1 Kh7 50.Nd2 Kg7
51.Kb3 Kf7 52.Kb2 Kg7 53.Nb1 Nc4+ 54.Kc2 Kf7 55.Nd2 Nb6 56.Kb3 Kf8 57.Ka2 Kf7
58.Kb1 Kf8 59.Nf1 Kg7 60.Ng3 Kh6 61.Ne2 Na4 62.Nc1 Nb6 63.Nd3 Nc4 64.Nf2 Nd2+
65.Kc2 Nf3 66.Nd3 Nxh4 67.Nc5 Nf3 68.Kd3 Kg5 69.Ke3 Nd4 70.Nb7 Kg4 71.Kf2 Kf4
72.Nxd6 h4 73.Kg2 Ne2 74.Kh3 Nc3 75.Kxh4  1-0

[Event "4th Penang Heritage City Open"]
[Site "Penang MAS"]
[Date "2012.12.14"]
[Round "8.32"]
[White "Limono,Handjojo"]
[Black "Lum,Zhun Hoong"]
[Result "1/2-1/2"]
[WhiteElo "1906"]
[BlackElo "1740"]

1.c4 Nf6 2.g3 g6 3.Bg2 Bg7 4.Nf3 O-O 5.O-O c5 6.Nc3 Nc6 7.d4 cxd4 8.Nxd4 Nxd4
9.Qxd4 d6 10.Qh4 Re8 11.Rd1 Qa5 12.Bf3 Rb8 13.Bd2 a6 14.Nd5 Qd8 15.Rab1 Nxd5
16.cxd5 Bd7 17.Bh6 Qa5 18.Bxg7 Kxg7 19.Qd4+ Kg8 20.a3 Rbc8 21.Rbc1 Rxc1 22.Rxc1 Rc8
23.Rxc8+ Bxc8 24.Kg2 Qc5 25.Qh4 f6 26.b4 Qc3 27.a4 b6 28.Qe4 Kf7 29.h4 h5
30.Qf4 Bd7 31.Qh6 Qc2 32.a5 bxa5 33.bxa5 Bf5 34.Qh7+ Kf8 35.Qh8+ Kf7 36.Qd8 Be4
37.Qb6 Bxf3+ 38.exf3 Qd3 39.Qc6 g5 40.hxg5 fxg5 41.Qc8 Qxd5 42.Qxa6 g4 43.Qe2 Qxa5
44.fxg4 hxg4 45.Qxg4 Qd5+ 46.Qf3+ Ke6 47.g4 Qxf3+ 48.Kxf3 Kf6 49.Ke4 e6 50.f4 Kg6
51.Kd4 Kf6 52.Kc4 Kg6 53.Kb5 Kf6 54.Kc6 e5 55.g5+ Kf5 56.fxe5 dxe5  1/2-1/2

[Event "11th IM Int"]
[Site "Sao Jose do Rio Preto BRA"]
[Date "2012.12.18"]
[Round "2.4"]
[White "Rocha,W"]
[Black "Oliveira,Si"]
[Result "0-1"]
[WhiteElo "2427"]
[BlackElo "2321"]

1.Nf3 Nf6 2.c4 g6 3.g3 Bg7 4.Bg2 O-O 5.O-O d6 6.d4 Nc6 7.d5 Na5 8.Nfd2 c5
9.Nc3 a6 10.Rb1 Bh6 11.b3 Rb8 12.Qc2 e5 13.dxe6 fxe6 14.Nde4 Bxc1 15.Rbxc1 b5
16.cxb5 axb5 17.Rcd1 Nxe4 18.Nxe4 Nb7 19.Nxd6 Nxd6 20.Qxc5 Rb6 21.e4 Bb7
22.Rfe1 Rc6 23.Qe5 Qb6 24.Re2 Nf7 25.Qf6 e5 26.Qe7 Re6 27.Qb4 Rf6 28.h4 Nd8  0-1

[Event "15th Padova Open 2012"]
[Site "Padova ITA"]
[Date "2012.12.19"]
[Round "5.5"]
[White "Mogranzini,R"]
[Black "Massironi,M"]
[Result "1-0"]
[WhiteElo "2489"]
[BlackElo "2214"]

1.Nf3 Nf6 2.c4 g6 3.g3 Bg7 4.Bg2 O-O 5.O-O d5 6.cxd5 Nxd5 7.Nc3 Nxc3 8.bxc3 Nc6
9.Rb1 b6 10.Qc2 Bb7 11.d3 Ne5 12.Nxe5 Bxg2 13.Kxg2 Bxe5 14.d4 Bg7 15.e4 c5
16.dxc5 bxc5 17.Be3 Rb8 18.Bxc5 Qc7 19.Be3 Rxb1 20.Rxb1 Rc8 21.c4 Qc6 22.c5 Rd8
23.Qc4 Bd4 24.Rd1 Qxe4+ 25.Kg1 e5 26.Qa4 Rc8 27.Bxd4 exd4 28.Rxd4 Qe1+ 29.Kg2 Rxc5
30.Qxa7 Qe5 31.Qd7 Rc7 32.Qd8+ Kg7 33.a4 Rc2 34.Rf4 Rc5 35.Rd4 Rc2 36.Qd7 Rc7
37.Qg4 Re7 38.h4 h5 39.Qd1 Re8 40.Qd3 Re7 41.Rf4 Rc7 42.Qb3 Rd7 43.Qc4 Qd5+
44.Qxd5 Rxd5 45.Kf3 Rd3+ 46.Ke2 Ra3 47.Kd2 f6 48.Kc2 g5 49.Kb2 Rd3 50.Rc4 Rf3
51.a5 Rxf2+ 52.Kb3 gxh4 53.gxh4 Rf1 54.Ra4 Rb1+ 55.Kc4 Rb8 56.a6 Kg6 57.a7 Ra8
58.Ra5 f5 59.Ra6+ Kf7 60.Kd5 Ke7 61.Kc6  1-0

[Event "ALG-TUR Men 2012"]
[Site "Algiers ALG"]
[Date "2012.12.25"]
[Round "3.4"]
[White "Ouaret,Abdelouhab"]
[Black "Arat,Uf"]
[Result "0-1"]
[WhiteElo "1807"]
[BlackElo "2159"]

1.Nf3 g6 2.g3 Bg7 3.Bg2 Nf6 4.c4 O-O 5.O-O d6 6.d4 Nbd7 7.Nc3 e5 8.dxe5 dxe5
9.Qc2 Re8 10.Rd1 c6 11.Ng5 Qe7 12.Nge4 Nc5 13.Nd6 Rd8 14.Nxc8 Rxd1+ 15.Qxd1 Rxc8
16.Be3 Rd8 17.Qc2 Ne6 18.Bxa7 b5 19.Be3 bxc4 20.Ne4 Nxe4 21.Qxe4 Qb4 22.Rb1 c5
23.Qb7 Nd4 24.Qc7 Rf8 25.Bxd4 exd4 26.Qb7 Qd2 27.Bf3 d3 28.exd3 cxd3 29.Qb3 Bd4
30.Be4 Qxf2+ 31.Kh1 d2 32.Qf3 Qe1+ 33.Qf1  0-1

[Event "XXIII Krakow Open"]
[Site "Krakow POL"]
[Date "2012.12.30"]
[Round "5.10"]
[White "Klekowski,M"]
[Black "Hirneise,T"]
[Result "1-0"]
[WhiteElo "2338"]
[BlackElo "2457"]

1.c4 Nf6 2.Nf3 g6 3.g3 Bg7 4.Bg2 O-O 5.O-O d6 6.Nc3 a6 7.d4 Nc6 8.h3 Bd7
9.e4 e5 10.Be3 exd4 11.Nxd4 Re8 12.Re1 Qc8 13.Nxc6 bxc6 14.Kh2 Re5 15.g4 Bxg4
16.hxg4 Nxg4+ 17.Kg1 Rh5 18.Bf4 Ne5 19.Qe2 Qe6 20.Rac1 Nxc4 21.Bf3 Be5 22.Bxh5 Bxf4
23.Bg4 Qf6 24.Qxc4 Bxc1 25.Qxc6 Rb8 26.Nd5 Qg5 27.Qxc1 Qxg4+ 28.Kf1 Qf3 29.Qh6 c6
30.Ne7+ Kh8 31.Nxc6 Rc8 32.Ne7 Re8 33.Nd5  1-0

[Event "ALG-TUR Men 2012"]
[Site "Algiers ALG"]
[Date "2012.12.31"]
[Round "8.4"]
[White "Ouaret,Abdelouhab"]
[Black "Yurtseven,M"]
[Result "0-1"]
[WhiteElo "1807"]
[BlackElo "2139"]

1.Nf3 Nf6 2.g3 g6 3.Bg2 Bg7 4.c4 O-O 5.d4 d6 6.O-O Nc6 7.Nc3 Bf5 8.d5 Na5
9.Nd4 Bd7 10.Qd3 c5 11.Nf3 a6 12.Bf4 b5 13.Nd2 Nh5 14.Be3 Rb8 15.Rab1 bxc4
16.Nxc4 Bf5 17.Be4 Nxc4 18.Qxc4 Rb4 19.Qd3 Bxc3 20.Bxf5 Bxb2 21.Bh3 Qa8 22.Bg2 Rfb8
23.Bc1 Nf6 24.e4 Qa7 25.Qc2 Bxc1 26.Rfxc1 Qb6 27.Rxb4 Qxb4 28.h3 Nd7 29.Bf1 Ne5
30.Bxa6 Nf3+ 31.Kh1 Qa3 32.Qc3 Qxa6 33.Qxf3 Qxa2 34.Kg2 Rb1 35.Rc3 Qa1 36.Re3 Qb2
37.Kh2 Qc1 38.Qg2 c4 39.e5 c3 40.exd6 exd6 41.Re8+ Kg7 42.Rc8 c2 43.f3 Rb2
44.Qe2 Qd1  0-1

[Event "25th Staufer Open"]
[Site "Schwaebisch Gmuend GER"]
[Date "2013.01.02"]
[Round "2.21"]
[White "Willems,M"]
[Black "Kahrovic,M"]
[Result "0-1"]
[WhiteElo "2019"]
[BlackElo "2282"]

1.Nf3 Nf6 2.c4 g6 3.g3 Bg7 4.Bg2 O-O 5.O-O d6 6.Nc3 c6 7.d3 Nbd7 8.Rb1 Qc7
9.b4 e5 10.b5 d5 11.Ba3 Re8 12.bxc6 bxc6 13.cxd5 Nxd5 14.Nxd5 cxd5 15.Qc1 Qxc1
16.Rfxc1 e4 17.dxe4 dxe4 18.Nd2 f5 19.Rc7 Be5 20.Rc6 Nb6 21.Bb2 Bb7 22.Rc2 Rad8
23.e3 Ba6 24.Bf1 Bxf1 25.Kxf1 Rd7 26.Ke2 Kf7 27.h4 h6 28.Bxe5 Rxe5 29.Nc4 Re6
30.Nxb6 axb6 31.Rcb2 Rdd6 32.Rb5 Kf6 33.R1b4 Rc6 34.Rb2 g5 35.hxg5+ Kxg5
36.Ke1 Red6 37.Rd2 Rf6 38.Ke2 Kg4 39.Rdb2 Kh3 40.Rd5 Rc1 41.Rd1 Rxd1 42.Kxd1 Kg2
43.Rc2 Rd6+ 44.Kc1 Rd5 45.Kb2 Rb5+ 46.Ka3 Rb1 47.Ka4 Rf1 48.g4 fxg4 49.f4+ Kf3
50.Rc6 g3 51.Rg6 g2 52.Kb5 g1=Q 53.Rxg1 Rxg1 54.Kxb6  0-1

[Event "XLII Rilton Cup"]
[Site "Stockholm SWE"]
[Date "2013.01.02"]
[Round "6.24"]
[White "Andriyanov,Ivan"]
[Black "Lokander,M"]
[Result "0-1"]
[WhiteElo "2010"]
[BlackElo "2226"]

1.Nf3 Nf6 2.c4 g6 3.g3 Bg7 4.Bg2 O-O 5.O-O d6 6.d4 Nc6 7.Nc3 a6 8.b3 Rb8
9.Nd5 Nxd5 10.cxd5 Nb4 11.e4 f5 12.Ng5 c5 13.Bb2 h6 14.Ne6 Bxe6 15.dxe6 f4
16.Rb1 Nc6 17.d5 Bxb2 18.dxc6 Be5 19.cxb7 Qa5 20.Qe2 Qb5 21.Qg4 Kh7 22.Bf3 Qa5
23.a4 Qd2 24.Rbd1 Qc2 25.Rb1 Qd2 26.Bg2 Rxb7 27.Qd1 Qa2 28.Bf3 Rb4 29.Qd3 Rd4
30.Qxa6 fxg3 31.fxg3 Rd2 32.Be2 Rxe2  0-1

[Event "Australian Open 2013"]
[Site "Cammeray AUS"]
[Date "2013.01.03"]
[Round "2.8"]
[White "Ikeda,J"]
[Black "Bennett,H"]
[Result "1-0"]
[WhiteElo "2345"]
[BlackElo "1966"]

1.Nf3 Nf6 2.c4 g6 3.g3 Bg7 4.Bg2 O-O 5.O-O d6 6.d4 Nbd7 7.Nc3 e5 8.b3 Re8
9.e3 c6 10.Ba3 e4 11.Nd2 Qa5 12.Qc1 d5 13.Qb2 Nf8 14.b4 Qd8 15.b5 h5 16.Rfc1 h4
17.bxc6 bxc6 18.cxd5 hxg3 19.hxg3 cxd5 20.Qb4 Ng4 21.Qd6 Be6 22.Qxd8 Rexd8
23.Nb3 Bh6 24.Re1 Rdc8 25.Rac1 Nd7 26.Bf1 Nb6 27.Bc5 Bf8 28.Ba6 Rc7 29.a4 Bxc5
30.Nxc5 Kf8 31.N3xe4 dxe4 32.Nxe6+ fxe6 33.Rxc7 Nd5 34.Rc6 Rb8 35.Rxe6 Rb2
36.Rxe4 Ndf6 37.Rf4 g5 38.Rf5 Ke7 39.Be2 Ke6 40.Rxg5  1-0

[Event "88th Hastings Masters"]
[Site "Hastings ENG"]
[Date "2013.01.03"]
[Round "7.11"]
[White "Kjartansson,G"]
[Black "Kvisla,J"]
[Result "0-1"]
[WhiteElo "2404"]
[BlackElo "2148"]

1.c4 Nf6 2.Nf3 g6 3.g3 Bg7 4.Bg2 O-O 5.O-O d5 6.cxd5 Nxd5 7.Nc3 Nb6 8.d3 Nc6
9.Be3 e5 10.Rc1 Nd4 11.Qd2 Nxf3+ 12.Bxf3 c6 13.Bh6 Be6 14.b4 Qe7 15.Bxg7 Kxg7
16.Ne4 Bd5 17.Bg2 Rfd8 18.Qb2 f5 19.Nc5 Bxg2 20.Kxg2 Nd5 21.e4 fxe4 22.dxe4 Nf6
23.f4 Ng4 24.Kf3 h5 25.h3 Nh6 26.fxe5 b6 27.e6+ Kh7 28.Nd7 Ng8 29.Rxc6 Rxd7
30.exd7 Rf8+ 31.Ke3 Qg5+ 32.Ke2 Qb5+ 33.Kd2 Qxf1 34.Qd4 Rf2+ 35.Qxf2 Qxf2+
36.Kc3 Qe3+ 37.Kb2 Qd4+  0-1

[Event "18th Bosnjaci Open"]
[Site "Bosnjaci CRO"]
[Date "2013.01.04"]
[Round "3.11"]
[White "Muskardin,M"]
[Black "Plenkovic,Z"]
[Result "1-0"]
[WhiteElo "2216"]
[BlackElo "2380"]

1.Nf3 Nf6 2.c4 g6 3.g3 Bg7 4.Bg2 O-O 5.O-O d6 6.Nc3 Nc6 7.Rb1 a5 8.a3 e5
9.d3 h6 10.b4 axb4 11.axb4 Be6 12.b5 Ne7 13.Bb2 Qd7 14.Re1 Bh3 15.Bh1 Ng4
16.Ra1 Qf5 17.Qc2 b6 18.e3 Rac8 19.Ra7 Nf6 20.Rea1 Bg4 21.Ne1 Qh5 22.f3 Be6
23.g4 Qg5 24.Ng2 Bxg4 25.fxg4 Nxg4 26.Qe2 Qh5 27.Ne1 Nf5 28.Nd5 Kh7 29.Bf3  1-0

[Event "25th Staufer Open"]
[Site "Schwaebisch Gmuend GER"]
[Date "2013.01.05"]
[Round "8.7"]
[White "Gheng,J"]
[Black "Bracker,F"]
[Result "1/2-1/2"]
[WhiteElo "2314"]
[BlackElo "2376"]

1.c4 Nf6 2.Nf3 g6 3.g3 Bg7 4.Bg2 O-O 5.O-O d6 6.Nc3 Nc6 7.d3 e5 8.Rb1 a5
9.a3 Nd4 10.Bg5 h6 11.Bxf6 Bxf6 12.Nd2 c6 13.e3 Nf5 14.b4 axb4 15.axb4 Bg7
16.b5 Ne7 17.Ra1 Rxa1 18.Qxa1 Bf5 19.e4 Be6 20.Qa7 Qd7 21.Rb1 c5 22.Nd5 Nc8
23.Qa5 Bxd5 24.cxd5 Bf6 25.Nc4 Bd8 26.b6 Kg7 27.Qc3 h5 28.Qb3 h4 29.Qd1 hxg3
30.hxg3 Rh8 31.Qb3 Kf8 32.Ra1 Kg7 33.Ra8 Rh6 34.Rb8 Rh8 35.Qb2 Nxb6 36.Nxb6 Qc7
37.Rxd8 Rxd8 38.Bh3 Rh8 39.Bd7 Qd8 40.Bg4 Qg5 41.Bf3 Rb8 42.Kf1 f5 43.Ke2 f4
44.g4 Qd8 45.Qb5 Kh6 46.Kd2 Qh4 47.Ke2 Qd8 48.g5+ Kxg5 49.Qb1 Kh6 50.Bg4 Qg5
51.Kf3 Qd8 52.Be6 Qe7 53.Qb5 Qh4 54.Qb1 Qd8 55.Ke2 Qg5 56.Nc4 f3+ 57.Kxf3 Rf8+
58.Ke2 Qh5+ 59.Kd2 Rxf2+ 60.Kc3 Qe2 61.Qc1+ Kg7 62.Nxd6 Qa2 63.Ne8+ Kh7 64.Qh1+ Rh2
65.Qxh2+ Qxh2 66.d6 Qf2 67.d7  1/2-1/2

[Event "25th Staufer Open"]
[Site "Schwaebisch Gmuend GER"]
[Date "2013.01.05"]
[Round "8.12"]
[White "Jurek,J"]
[Black "Bluhm,S"]
[Result "1/2-1/2"]
[WhiteElo "2325"]
[BlackElo "1957"]

1.Nf3 Nf6 2.c4 g6 3.g3 Bg7 4.Bg2 O-O 5.O-O d6 6.d4 Nc6 7.Nc3 a6 8.d5 Na5
9.Nd2 c5 10.Qc2 Rb8 11.b3 b5 12.Bb2 e5 13.Rae1 h5 14.Nd1 h4 15.e4 hxg3 16.hxg3 Nh5
17.Nf3 Bd7 18.Ne3 Bh6 19.Ba3 Qc7 20.Re2 Rb7 21.Rd1 Rfb8 22.Nd2 Kg7 23.Bf3 Nf6
24.Kg2 Rh8 25.Rh1 Rbb8 26.Qd3 Bxe3 27.Rxe3 Rxh1 28.Kxh1 Rh8+ 29.Kg1 Ng4 30.Re1 Qd8
31.Nf1 Qg8 32.Bg2 Qh7 33.Bc1 Nh2 34.Bd2 bxc4 35.Qc3 cxb3 36.f4 Nxf1 37.Rxf1 Qh2+
38.Kf2 Bh3 39.Rg1 b2 40.Qxb2 Nc4 41.Qc3 Nxd2 42.Qxd2 exf4 43.Qxf4 Rb8 44.Qc1 a5
45.Kf3 Bxg2+ 46.Rxg2 Qh5+ 47.Kf2 Qe5 48.Qe1 Qd4+ 49.Kf3 f5 50.Re2 fxe4+ 51.Rxe4 Qxd5
52.Kf2 Rb2+ 53.Kg1 Qd2 54.Re7+ Kh6 55.Rh7+ Kxh7 56.Qe7+ Kg8  1/2-1/2

[Event "11th Parsvnath Open"]
[Site "New Delhi IND"]
[Date "2013.01.06"]
[Round "3.24"]
[White "Ghosh,D"]
[Black "Tiwari,Ar"]
[Result "1/2-1/2"]
[WhiteElo "2442"]
[BlackElo "2251"]

1.Nf3 Nf6 2.c4 g6 3.g3 Bg7 4.Bg2 O-O 5.O-O d6 6.d4 Nc6 7.Nc3 a6 8.b3 Rb8
9.Nd5 e6 10.Nxf6+ Qxf6 11.Bb2 e5 12.d5 Nd8 13.c5 Qe7 14.cxd6 cxd6 15.Nd2 b5
16.b4 h5 17.Nb3 h4 18.Na5 f5 19.e3 hxg3 20.hxg3 g5 21.Rc1 Ra8 22.Nc6 Qe8
23.Re1 g4 24.Nxd8 Qxd8 25.Re2 Bd7 26.Rec2 Rc8 27.Rxc8 Bxc8 28.Qc2 Bb7 29.a4 Qd7
30.Qc7 Qxc7 31.Rxc7 Rf7 32.Rxf7 Kxf7 33.axb5 axb5 34.e4 fxe4 35.Bxe4 Bh6
36.Bc3 Bc8 37.Bd3 Bd7 38.Kf1 Kf6 39.Ke2 Bc1 40.Kd1 Bh6 41.Ke2 Bc1  1/2-1/2

[Event "11th Parsvnath Open"]
[Site "New Delhi IND"]
[Date "2013.01.07"]
[Round "4.23"]
[White "Pradeep,KR"]
[Black "Akshayraj,K"]
[Result "0-1"]
[WhiteElo "2264"]
[BlackElo "2463"]

1.Nf3 Nf6 2.c4 g6 3.g3 Bg7 4.Bg2 O-O 5.O-O c6 6.d3 d5 7.Qc2 Re8 8.e4 dxe4
9.dxe4 e5 10.Rd1 Qc7 11.b3 Nbd7 12.Ba3 Bf8 13.Bxf8 Nxf8 14.Nbd2 Bg4 15.h3 Bxf3
16.Nxf3 c5 17.h4 Ne6 18.Bh3 Nd8 19.h5 Nc6 20.hxg6 hxg6 21.Kg2 Rad8 22.Rxd8 Rxd8
23.Rh1 Kg7 24.Qc1 Rh8 25.Qe3 Qe7 26.Ng5 Nh7 27.Nf3 Nf6 28.Ng5 Nd4 29.f4 b6
30.Rf1 Nh7 31.Nf3 Nxf3 32.Qxf3 Nf6 33.f5 Rd8 34.Kg1 Qd6 35.fxg6 fxg6 36.g4 Qd4+
37.Kh2 Qd2+ 38.Rf2 Qg5 39.a3 Rd2 40.Rxd2 Qxd2+ 41.Bg2 Nh7 42.Qg3 Qf4 43.Qxf4 exf4
44.e5 Ng5 45.Bd5 Kf8 46.Kg2 a5  0-1

[Event "Australian Open 2013"]
[Site "Cammeray AUS"]
[Date "2013.01.12"]
[Round "10.20"]
[White "Hursky,K"]
[Black "Mallari,Donato"]
[Result "0-1"]
[WhiteElo "2075"]
[BlackElo "1981"]

1.g3 g6 2.Bg2 Bg7 3.Nf3 Nf6 4.c4 O-O 5.Nc3 d5 6.cxd5 Nxd5 7.O-O Nc6 8.Qb3 Nb6
9.d3 a5 10.Be3 a4 11.Qa3 e5 12.Rac1 Nd4 13.Bg5 Nxf3+  0-1

[Event "VII Magistral da Hebraica"]
[Site "Sao Paulo BRA"]
[Date "2013.01.12"]
[Round "8.5"]
[White "Liascovich,L"]
[Black "Blit,J"]
[Result "1/2-1/2"]
[WhiteElo "2400"]
[BlackElo "2324"]

1.Nf3 Nf6 2.c4 g6 3.g3 Bg7 4.Bg2 O-O 5.O-O c6 6.d4 d5 7.cxd5 cxd5 8.Nc3 Nc6
9.Ne5 Be6 10.Nxc6 bxc6 11.b3 Qa5 12.Bb2 c5 13.dxc5 Qxc5  1/2-1/2

[Event "TCh-CAT Div Hon 2013"]
[Site "Catalonia ESP"]
[Date "2013.01.19"]
[Round "1.9"]
[White "Gardela Batlle,J"]
[Black "De la Riva Aguado,O"]
[Result "1/2-1/2"]
[WhiteElo "2202"]
[BlackElo "2522"]

1.Nf3 Nf6 2.c4 g6 3.g3 Bg7 4.Bg2 O-O 5.O-O d6 6.Nc3 c5 7.Rb1 Nc6 8.a3 a5
9.d3 h6 10.Bd2 Bg4 11.h3 Be6 12.e4 Ne8 13.Nh4 Qd7 14.Nd5 Bxd5 15.exd5 Nd4
16.Nf3 h5 17.Re1 Nc7 18.Bc3 e5  1/2-1/2

[Event "Kislovodsk Open 2013"]
[Site "Kislovodsk RUS"]
[Date "2013.01.19"]
[Round "5"]
[White "Egorov,Valery"]
[Black "Kappushev,Ahmat"]
[Result "1/2-1/2"]
[WhiteElo "1812"]
[BlackElo "1942"]

1.c4 Nf6 2.Nf3 g6 3.g3 Bg7 4.Bg2 O-O 5.O-O c5 6.Nc3 Nc6 7.d3 d6 8.Bd2 Ne8
9.Rb1 Nc7 10.a3 Rb8 11.b4 Ne5 12.Nxe5 Bxe5 13.bxc5 dxc5 14.Ne4 Ne6 15.Bc3 Bxc3
16.Nxc3 a6 17.Qd2 Nc7 18.Ne4 Ne6 19.Qh6 b6 20.Bh3 f5 21.Nc3 Bb7 22.Rfd1 Nd4
23.Bg2 Bxg2 24.Kxg2 e6 25.e3 Nc6 26.f4 Rf7 27.Qh3 Rd7 28.Qh4 Rxd3 29.Qxd8+ Rbxd8
30.Rxd3 Rxd3 31.Rxb6 Rxc3 32.Rxc6 Rxa3 33.Rxc5 Rxe3 34.Rc7 a5 35.Ra7 Rc3
36.Rxa5 Rxc4 37.Ra7 h6 38.Rb7 g5 39.Kf3 Rc2 40.Re7 Rxh2 41.fxg5 hxg5 42.Rxe6 Kf7
43.Ra6 Rd2 44.Rb6 Rd3+ 45.Kf2 g4 46.Rh6 Rf3+ 47.Kg2 Re3 48.Rb6 Re2+ 49.Kg1 Re6
50.Rb8 Kf6 51.Rb5 Rd6 52.Kf2 Ke6 53.Ra5 Rd5 54.Ra4 Ke5 55.Ke3 Rb5 56.Ra3 Rc5
57.Rb3 Ra5 58.Rc3 Ra4 59.Rb3 Re4+ 60.Kf2 Rd4  1/2-1/2

[Event "5th Chennai Open 2013"]
[Site "Chennai IND"]
[Date "2013.01.20"]
[Round "8"]
[White "Teske,H"]
[Black "Wan Yunguo"]
[Result "1/2-1/2"]
[WhiteElo "2512"]
[BlackElo "2497"]

1.Nf3 Nf6 2.c4 g6 3.g3 Bg7 4.Bg2 O-O 5.O-O c6 6.d4 d5 7.cxd5 cxd5 8.Nc3 Ne4
9.Nxe4 dxe4 10.Ne5 f6 11.Qb3+ e6 12.Nc4 Nc6 13.e3 f5 14.Bd2 Kh8 15.Rac1 e5
16.dxe5 Nxe5 17.Nxe5 Bxe5 18.Rc5 Bg7 19.Bc3 Bxc3 20.Qxc3+ Qf6 21.f3 Qxc3
22.Rxc3 exf3 23.Bxf3 Be6 24.Rfc1 Rf7 25.Rc7 Rxc7 26.Rxc7 Rc8 27.Rxb7 Bxa2
28.h4 a5 29.e4 fxe4 30.Bxe4 Rc4 31.Bd3 Rd4 32.Be2 Bc4 33.Bf3 Rd2 34.Bc6 Bd5
35.Bxd5 Rxd5 36.Kf2 Rd3 37.g4 a4 38.Rb4 a3 39.bxa3 Rxa3 40.g5 Kg7 41.Kg2 Rc3  1/2-1/2

[Event "5th Chennai Open 2013"]
[Site "Chennai IND"]
[Date "2013.01.23"]
[Round "11"]
[White "Shantharam,K"]
[Black "Nitin,S"]
[Result "1/2-1/2"]
[WhiteElo "2101"]
[BlackElo "2367"]

1.Nf3 Nf6 2.c4 g6 3.g3 Bg7 4.Bg2 O-O 5.O-O d6 6.d4 Nbd7 7.Qc2 e5 8.Rd1 Re8
9.Nc3 h6 10.e4 exd4 11.Nxd4 Ne5 12.h3 a6 13.b3 Bd7 14.Be3 Qc8 15.Kh2 h5 16.Nd5 h4
17.gxh4 c5 18.Nxf6+ Bxf6 19.Ne2 b5 20.Nc3 Bxh4 21.f4 Nc6 22.Rxd6 bxc4 23.Qd2 Rd8
24.Nd5 Be6 25.Rxd8+ Qxd8 26.bxc4 Rb8 27.Bxc5 Bf6 28.Rd1 Rb2 29.Qc1 Rxa2 30.e5 Bh4
31.Ne7+ Bxe7 32.Rxd8+ Bxd8 33.Kh1 Na5 34.Qb1 Rd2 35.Be3 Bf5 36.Qb8 Rd1+ 37.Kh2 Nxc4
38.Bc5 Rd2 39.Qa8 Kh7 40.Bb4 Rb2 41.Qxd8 Be4 42.Qh4+ Kg8 43.Qd8+ Kh7  1/2-1/2

[Event "ch-TUR 2013"]
[Site "Antalya TUR"]
[Date "2013.02.09"]
[Round "11.78"]
[White "Tuna,Alp"]
[Black "Tepeli,H"]
[Result "1/2-1/2"]
[WhiteElo "1730"]
[BlackElo "1839"]

1.c4 Nf6 2.Nf3 g6 3.g3 Bg7 4.Bg2 O-O 5.O-O d6 6.Nc3 Bg4 7.d3 Qd7 8.Rb1 Nc6
9.Bd2 Bh3 10.b4 Bxg2 11.Kxg2 Nh5 12.e3 e5 13.b5 Ne7 14.d4 f5 15.d5 h6 16.h3 Rf6
17.Nh2 f4 18.g4 fxe3 19.fxe3 Rxf1 20.Nxf1 Nf6 21.Ng3 c6 22.bxc6 bxc6 23.e4 cxd5
24.cxd5 Rc8 25.Qb3 g5 26.Qb5 Qc7 27.Qb7 Ng6 28.Nf5 Bf8 29.Qxc7 Rxc7 30.Rb8 Kf7
31.Rb2 Nf4+ 32.Kh2 h5 33.gxh5 N6xh5 34.Nb5 Rd7 35.Rc2 Nf6 36.Rc4 Kg6 37.Ng3 Rh7
38.Bxf4 exf4 39.Nf5 Nxe4 40.Rxe4 Kxf5 41.Re6 g4 42.Re8 Rxh3+ 43.Kg1 Bg7 44.Nxd6+ Kg5
45.Ne4+ Kh4 46.Re7 Bd4+ 47.Kf1 Rf3+ 48.Kg2 Kh5 49.d6 Ra3 50.d7 Rxa2+ 51.Kf1 Bb6
52.Re5+ Kh4 53.Re6 Ra1+ 54.Ke2 f3+ 55.Kd2 Ba5+ 56.Ke3 Kh3 57.Kf2 Be1+ 58.Ke3 Bh4
59.Rh6  1/2-1/2

[Event "TCh-CAT Div Hon 2013"]
[Site "Catalonia ESP"]
[Date "2013.02.09"]
[Round "4.7"]
[White "Fernandez Cazorla,A"]
[Black "Martinez Ramirez,E"]
[Result "1/2-1/2"]
[WhiteElo "2207"]
[BlackElo "2302"]

1.Nf3 Nf6 2.c4 g6 3.g3 Bg7 4.Bg2 O-O 5.O-O d5 6.d4 Nc6 7.cxd5 Nxd5 8.e4 Nb6
9.d5 Na5 10.Nc3 c6 11.Nd4 e6 12.Nb3 Nxb3 13.Qxb3 exd5 14.exd5 cxd5 15.Nxd5 Be6
16.Rd1 Bg4 17.Re1 Be6 18.Rd1 Rc8 19.Be3 Nc4 20.Bd4 Bg4 21.f3 Be6 22.f4 Na5
23.Qf3 Bxd4+ 24.Rxd4 Rc2 25.Rad1 Bxd5 26.Rxd5 Qb6+ 27.Kh1 Rxb2 28.Rd6 Nc6
29.f5 Rf2 30.Qb3 Qxb3 31.axb3 Rxf5 32.Bxc6 bxc6 33.Rxc6 Rb8 34.Rc3 Rf2 35.Rcd3 Kg7
36.Kg1 Rf5 37.Rf1 Rbb5 38.Rd7 a5 39.Ra7 h5 40.Rxf5 gxf5 41.Ra6 f6 42.Ra8 f4
43.gxf4 Kg6 44.Kf2 Kf5 45.Ra6 h4 46.h3 Ke4 47.Re6+ Kf5 48.Ra6 Rc5 49.Kg2 Rc2+
50.Kg1 Ra2 51.b4 a4 52.b5 Kxf4 53.Rc6 Rb2 54.Rc4+ Kg3 55.Rc3+ Kf4 56.Rc4+ Kg5
57.Rg4+ Kh5 58.Rxa4 Rxb5 59.Rf4 f5 60.Ra4 Re5 61.Kf2 Kg5 62.Rb4 Re4 63.Rb8 Ra4
64.Rb3 Ra2+ 65.Kg1 Kf4 66.Rb4+ Kf3 67.Rb3+ Kf4 68.Rb4+ Kg5 69.Rb3 Re2 70.Rf3 Rd2
71.Ra3 Kf4 72.Ra4+ Kf3 73.Ra3+ Ke4 74.Ra4+ Kf3 75.Ra3+ Kf4 76.Ra4+ Kg5 77.Ra3 f4
78.Ra5+ Kg6 79.Rb5 Rd3 80.Kh2 Rg3  1/2-1/2